| 000 | 00368nam a2200157Ia 4500 | ||
|---|---|---|---|
| 100 | _aKothandaraman/C.P | ||
| 650 | _aTables and charts | ||
| 250 | _a6 | ||
| 942 | _cBK | ||
| 245 | _aRefrigerent Tables and charts including Air conditioning data | ||
| 260 |
_bNew Age International Ltd _c2020 |
||
| 082 | _bKOT | ||
| 300 | _a74 | ||
| 546 | _aENGLISH | ||
| 999 |
_c25363 _d25363 |
||